Quizzes
Events
Quiz Creation
Community
Videos
Private Events
Remove Ads
Sign In
Join for FREE
Feedback
Dark Mode
Quiz Categories
Sports
Geography
Music
Movies
Television
Just For Fun
Miscellaneous
History
Literature
Language
Science
Gaming
Entertainment
Religion
Holiday
For Kids
Quiz Lab
Recent
Popular Today
Quiz Kudos Today
Editor Picks
Curator Picks
Quizzes by...
Day
Popularity
Type
Ratings
Length
Year
Community
Subscriptions
Recent Discussions
Orange Saloon
Badges
Playlists
Quests
Create
Leaderboards
Showdown
Live 5
Trivia Bingo
Activity
Puzzle Library
Sporcle Events
Private Events
Virtual Trivia
Globe League
Become a Host
Pub Owners
SporcleCon
Opinionation
Our Games
Videos
Blog
Mobile Apps
Partnerships
Remove Ads and Go Orange
Feedback
Sports
Athletes
MLB
NBA
NHL
NFL
Soccer
Sports Teams
WWE
NCAA
Football
Premier League
Basketball
Baseball
Hockey
Golf
Tennis
Cricket
Rugby
Auto Racing
Olympics
World Cup
Sports
Athletes
MLB
NBA
NHL
NFL
Soccer
Sports Teams
WWE
NCAA
Football
Premier League
Basketball
Baseball
Hockey
Golf
Tennis
Cricket
Rugby
Auto Racing
Olympics
World Cup
Random Quiz
Search Sporcle
×
Quiz Lab
Quiz Lab
Sports
Auto Racing
Type in answers that appear in a list
Type in answers that appear in a list
Classic
Best Score? Go Orange.
Home Grand Prix Winners Stats
Can you name the Formula One Home Grand Prix Winners?
By
moq
10m
46 Questions
1,100 Plays
1,100 Plays
1,100 Plays
Comments
Comments
Give Quiz Kudos
Give Quiz Kudos
-
- Ratings
hide this ad
More Info
Replay
Link that replays current quiz
Next Quiz
Link to next quiz in quiz playlist
You Got
0%
They Got
Avg Score
68%
Avg Friend Score
Upgrade to see
Score Distribution
Jump to the score distribution portion of the page
Score
0/46
Timer
10:00
0
Plays Today
Grand Prix
Driver
% Correct
Brazilian Grand Prix
Ayrton Senna
97.5%
German Grand Prix
Michael Schumacher
97.4%
European Grand Prix (in Germany)
Michael Schumacher
97.4%
German Grand Prix
Ralf Schumacher
96.9%
European Grand Prix (in Germany)
Ralf Schumacher
96.9%
Argentinian Grand Prix
Juan Manuel Fangio
94.8%
British Grand Prix
Lewis Hamilton
94.7%
British Grand Prix
Damon Hill
93.3%
French Grand Prix
Alain Prost
92.5%
Austrian Grand Prix
Niki Lauda
92.4%
Brazilian Grand Prix
Felipe Massa
91.7%
Spanish Grand Prix
Fernando Alonso
91.5%
British Grand Prix
Nigel Mansell
91.5%
European Grand Prix (in the UK)
Nigel Mansell
91.5%
Brazilian Grand Prix
Nelson Piquet
89.7%
Canadian Grand Prix
Gilles Villeneuve
89.6%
Brazilian Grand Prix
Emerson Fittipaldi
87%
British Grand Prix
David Coulthard
85.1%
British Grand Prix
Jackie Stewart
85.1%
British Grand Prix
Jim Clark
85%
United States Grand Prix West
Mario Andretti
84.6%
South African Grand Prix
Jody Scheckter
84.1%
British Grand Prix*
Tony Brooks and Stirling Moss
83.2%
Grand Prix
Driver
% Correct
British Grand Prix
Stirling Moss
82.3%
British Grand Prix
James Hunt
76.2%
British Grand Prix
Johnny Herbert
74.9%
Italian Grand Prix
Alberto Ascari
74.9%
Italian Grand Prix
Giuseppe Farina
68.8%
French Grand Prix
René Arnoux
68.7%
Brazilian Grand Prix
Carlos Pace
62.7%
British Grand Prix
John Watson
61.3%
San Marino Grand Prix (in Italy)
Riccardo Patrese
60.7%
British Grand Prix
Peter Collins
53.3%
French Grand Prix
Jean-Pierre Jabouille
51.6%
Indianapolis 500
Bill Vukovich
39.4%
San Marino Grand Prix (in Italy)
Elio de Angelis
34.1%
Italian Grand Prix
Ludovico Scarfiotti
33.4%
Indianapolis 500
Troy Ruttman
27.6%
Indianapolis 500
Johnnie Parsons
27.3%
Indianapolis 500
Jim Rathmann
26.6%
Indianapolis 500
Rodger Ward
25.2%
Indianapolis 500
Sam Hanks
22.8%
Indianapolis 500
Lee Wallard
21.4%
Indianapolis 500
Pat Flaherty
21%
Indianapolis 500
Bob Sweikert
20.3%
Indianapolis 500
Jimmy Bryan
18.1%
Quiz Playlist
Details
Report
Send in Message
Add To Playlist
More Info:
* denotes that the race was won by two drivers. Entering either name gives the correct answer
Classic:
Type in answers that appear in a list
Quiz Source
Last Updated: Feb 16, 2017
Quiz Scoreboard
CHALLENGE
Sign Up to Join the Scoreboard
Show All
Scores
Hide
Comments
May contain spoilers
Recently Published
NBA Finals Game Top Scorers (2010s)
by flibbidy
Sports
5m
Guess the 'R' Things in 3 Words
by MSUKent
Miscellaneous
3m
Actor to Badly Drawn Movie III
by MoMosMoProblems
Movies
5m
More to Explore
Quiz From the Vault
Featured Blog Post
Where Does Lost Luggage Go?
hide this ad
You Might Also Like...
Tags
Auto Racing Quiz
F1 Drivers
Formula 1
Grand Prix
Today's Top Quizzes in Sports
Browse Sports
hide this ad
Today's Top Quizzes in Auto Racing
Browse Auto Racing
Top Contributed Quizzes in Sports
1
Les joueurs à 100 buts en Ligue 1 Uber Eats
2
2022 World Cup Stars
3
2024 March Madness Bracket
4
Millionaire: NBA Finals Edition
5
Players with Multiple 50 Home Run Seasons
6
Nickname Match: Athletes VI
7
Criteria MLB: Left Handed Sluggers
8
Iconic Moments in Football - Multiple Choice
9
NFL MVPs ordered
10
First NBA MVP by Team
Explore More
Trending Topics
Disney
Crossword
Marvel
Kpop
Anime
Harry Potter
NBA
Puzzle
NFL
Song
The Office
Country
WWE
Pokémon
Soccer
hide this ad
More By:
moq
Quiz
Plays
Rating
Category
Featured
Created
Lineage of Formula One Constructors
2,414
4.42
Sports
Oct 31, 2010
Current Formula 1 circuits by corners
1,232
3.50
Sports
Oct 4, 2010
Home Grand Prix Winners
1,100
3.00
Sports
Oct 30, 2010
Go to Creator's Profile
Score Distribution
Quiz Creator Spotlight
moq
Follow
Send a Message
Quizzes Created
-
Created Quiz Play Count
-
More By This Creator
Popular Quizzes Today
1
Find the US States - No Outlines Minefield
2
Find the US States
3
The Countries of the World
4
10 Largest US States in Order
5
Find the Countries of Europe - No Outlines Minefield
6
US States
7
Guess the 'R' Things in 3 Words
8
NBA Finals Game Top Scorers (2010s)
More Sports Quizzes
Ten Tennis Players - France
Quiz Lab
Trending Quizzes
First Name TV: Leading Men
Match the Book to the Film II
First Name TV: Leading Women Drama
3-Word Movies in 1 Word II
Match the Book to the Film VI
Recently Updated
Women's Final Four Teams by Year
bhenderson79
Presidents Quartet II
eogle
Anything But Clue(do)
eogle
Anything But Oceanian Capitals
eogle
Anything But 7
eogle
Anything But Thing
eogle
Word Ladder: February 29
pecheneg
Song Title Questions
pecheneg
Women's NCAA Tournament #1 Seeds
pecheneg
Celebrity Mug Shots
pecheneg
Trending Topics
Anime
Marvel
NBA
Kpop
Harry Potter
Disney
Crossword
Country
Puzzle
WWE
Song
NFL
Soccer
The Office
Pokémon
Your Account Isn't Verified!
In order to create a playlist on Sporcle, you need to verify the email address you used during registration. Go to your
Sporcle Settings
to finish the process.
Report this User
Report this user for behavior that violates our
Community Guidelines
.
Details:
Send Report
Go to the Sporcle.com Mobile Site →
Comments